La etapa intermedia en el juicio oral Tomo VII

Detalles Bibliográficos
Autor principal: Campoli, Gabriel Andrš
Formato: eBook
Lenguaje:español
Publicado: [S.l.]: Gabriel Andrš Campoli, 2013
Materias:
Acceso en línea:Acceso restringido

MARC

LEADER 00000nam a22000007a 4500
005 20130917172751.0
007 cr|||| ||||
008 130917s2013 co |||||s|||| 00||0 spa d
035 |a 11503 
040 |a vLex 
090 |c 4501  |d 4501 
100 1 |a Campoli, Gabriel Andrš 
245 1 3 |a La etapa intermedia en el juicio oral  |h [Recurso electrn̤ico] /  |c Gabriel Andrš Campoli   |p Tomo VII 
256 |a Servicio en ln̕ea 
260 |a [S.l.]:  |b Gabriel Andrš Campoli,  |c 2013 
300 |a 1 recurso electrn̤ico 
506 1 |a Contenido solo disponible en los productos indicados  |d vLex Global  |d vLex Global (Academic Edition, excluding Law Schools)  |d vLex Global (U.S. Academic Edition, Law Schools)  |d vLex Global (U.S. Academic Edition, excluding Law Schools)  |d vLex Global (Academic Edition, Law Schools) 
650 0 4 |a Juicio Oral  |z Mx̌ico 
740 0 |a vLex Libros (Servicio en ln̕ea) 
856 4 0 |u http://vlex.com/source/etapa-intermedia-juicio-oral-tomo-vii-11503  |z Acceso restringido 
942 |c BOOK 
999 0 |a Oral pleading